000 01294naa a22003017a 4500
001 BR8708365
003 BR-BrBNA
005 20250721154543.0
007 ta
008 250630b bl.|||m| |||| 00| 0 por d
040 _aBR-BrBNA
_bpor
_cBiblioteca Nacional de Agricultura
041 _a(Pt)
072 _aE10; E16
_b0120
_b0170
_bG514
090 _aE10 BR8708365
100 1 _aVenconvsky, R.
111 1 _a15. Congresso Nacional de Milho e Sorgo
_cMaceio, AL (Brazil)
_d2 Jul 1986
245 1 _aO milho e o sorgo no contexto socio-economico do Brasil
246 1 _a[Maize and Sorghum in the sociological and economical context of Brazil]
246 1 _a[Annals of the 15th National Congress of Maize and Sorghum]
500 _aAnais do 15. Congresso Nacional de Milho e Sorgo Brasilia, DF (Brasil): Empresa Brasileira de Pesquisa Agropecuaria. Departamento de Difusao de Tecnologia, 1986. p. 405-418 [18 tables] (BR8708365-AMS)
773 0 _tAnais do 15. Congresso Nacional de Milho e Sorgo
_wE10 BR8708365
_gBrasilia, DF (Brasil), 1986. p. 405-418
650 _aMILHO
650 _aSORGO
650 _aECONOMIA DA PRODUCAO
490 _aDocumentos - Centro Nacional de Pesquisa de Milho e Sorgo (Brazil)
_vno. 5
942 _cAMS
_2AGRIS
909 _a202506
_bLúcia
_c55
_dLúcia Elande
999 _c335607
_d335607